<?xml version="1.0" encoding="UTF-8"?>
<record
    xmlns:xsi="http://www.w3.org/2001/XMLSchema-instance"
    xsi:schemaLocation="http://www.loc.gov/MARC21/slim http://www.loc.gov/standards/marcxml/schema/MARC21slim.xsd"
    xmlns="http://www.loc.gov/MARC21/slim">

  <leader>02619nam a2200277   4500</leader>
  <controlfield tag="001">ESSALUD</controlfield>
  <controlfield tag="005">20260701104213.0</controlfield>
  <controlfield tag="007">ta</controlfield>
  <controlfield tag="008">      t        pe ||||| |||| 00| 0 spa d</controlfield>
  <datafield tag="040" ind1=" " ind2=" ">
    <subfield code="a">BMG</subfield>
  </datafield>
  <datafield tag="041" ind1=" " ind2=" ">
    <subfield code="a">spa</subfield>
  </datafield>
  <datafield tag="100" ind1=" " ind2=" ">
    <subfield code="a">Palacios Mart&#xED;nez, Eric </subfield>
    <subfield code="9">46904</subfield>
    <subfield code="e">Autor</subfield>
  </datafield>
  <datafield tag="245" ind1=" " ind2=" ">
    <subfield code="a">Eficacia y autonom&#xED;a privada negocial: el negocio condicional</subfield>
    <subfield code="b">Aspectos preliminares, pero fundamentales</subfield>
  </datafield>
  <datafield tag="246" ind1=" " ind2=" ">
    <subfield code="a">Effectiveness and private autonomy in legal transactions: the conditional transaction</subfield>
    <subfield code="b">Preliminary but fundamental aspects</subfield>
  </datafield>
  <datafield tag="300" ind1=" " ind2=" ">
    <subfield code="a">p&#xE1;ginas 45-58</subfield>
  </datafield>
  <datafield tag="520" ind1=" " ind2=" ">
    <subfield code="a">El autor analiza el significado que se le debe otorgar a la accidentalidad de los componentes negociales, a fin de comprender mejor su naturaleza y, con ello, su correcta aplicaci&#xF3;n a los casos concretos en los tipos negociales. Refiere que de accidentalidad solo se puede hablar con respecto a la categor&#xED;a del negocio t&#xED;pico, es decir, del negocio considerado in abstracto, ya que, con respecto al negocio concreto, en el
cual se insertan estos elementos modales, ellos se consideran esenciales, constitutivos del negocio. Posteriormente, el autor comenta aspectos relevantes de la condici&#xF3;n como elemento del acto jur&#xED;dico, enfoc&#xE1;ndose en explicar en qu&#xE9; consiste la futuridad y la incertidumbre, e igualmente expresa algunas cr&#xED;ticas sobre las clasificaciones que la doctrina ha propuesto sobre las condiciones.</subfield>
  </datafield>
  <datafield tag="520" ind1=" " ind2=" ">
    <subfield code="a">The outhor onolyzes the meoning to be ottributed to the incidental noture (accidentalidad) of contractual components in arder to better understond their noture ond, consequently, their proper opplicotion to specific coses within legal transoctions. He osserts thot 'incidental noture' con only be discussed in relotion to the cotegory of the typicol transoction (thot is, the tronsoction considered in abstracto); regording the specific tronsoction into which these modal elements ore inserted, they ore considered essentiol ond constitutive of the oct. Subsequently, the outhor comments on relevont ospects of the condition os on element of the legal oct, focusing on the concepts of Juturity and uncertointy, while o/so offering critiques of the clossificotions of conditions proposed by legal doctrine. </subfield>
  </datafield>
  <datafield tag="650" ind1=" " ind2=" ">
    <subfield code="a">CONDICI&#xD3;N</subfield>
    <subfield code="9">52932</subfield>
  </datafield>
  <datafield tag="650" ind1=" " ind2=" ">
    <subfield code="a">AUTONOM&#xCD;A PRIVADA</subfield>
    <subfield code="9">52933</subfield>
  </datafield>
  <datafield tag="650" ind1=" " ind2=" ">
    <subfield code="a">FUTURIDAD</subfield>
    <subfield code="9">52934</subfield>
  </datafield>
  <datafield tag="650" ind1=" " ind2=" ">
    <subfield code="a">CONDITION</subfield>
    <subfield code="9">52935</subfield>
  </datafield>
  <datafield tag="650" ind1=" " ind2=" ">
    <subfield code="a">PRIVO TE OUTONOMY</subfield>
    <subfield code="9">52936</subfield>
  </datafield>
  <datafield tag="650" ind1=" " ind2=" ">
    <subfield code="a">FUTURITY</subfield>
    <subfield code="9">52937</subfield>
  </datafield>
  <datafield tag="773" ind1="0" ind2=" ">
    <subfield code="0">22573</subfield>
    <subfield code="9">22620</subfield>
    <subfield code="d">Lima Grupo Praxis Formaci&#xF3;n Profesional, 2026-</subfield>
    <subfield code="o">PRA001</subfield>
    <subfield code="t">Praxis Civil &amp; Procesal Civil</subfield>
    <subfield code="w">ESSALUD</subfield>
    <subfield code="x">3119-7671</subfield>
  </datafield>
  <datafield tag="942" ind1=" " ind2=" ">
    <subfield code="c">ARTICULOS</subfield>
    <subfield code="e">2026-06-30</subfield>
    <subfield code="z">sqb</subfield>
  </datafield>
  <datafield tag="999" ind1=" " ind2=" ">
    <subfield code="c">22576</subfield>
    <subfield code="d">22576</subfield>
  </datafield>
</record>
